Gilmore Girls Characters by Picture - Statistics

General Stats
  • This quiz has been taken 401 times
  • The average score is 17 of 20
Answer Stats
Picture Answer % Correct
Rory
100%
Luke
98%
Dean
97%
Emily
97%
Jess
96%
Paris
96%
Lorelai
95%
Lane
94%
Richard
94%
Sookie
94%
Kirk
93%
Logan
92%
Tristin
90%
Michel
88%
Max
86%
Taylor
81%
Babette
77%
Liz
61%
Zack
59%
Jason
57%
No matching quizzes found
Score Distribution
Percent of People with Each Score
Percentile by Number Answered
Your Score History
You have not taken this quiz